[Event "Titled Tuesday intern op 12th Mar Late"]
[Site "Chess.com INT"]
[Date "2024.03.12"]
[Round "10"]
[White "Dias, Simao Poscidonio"]
[Black "Blanco Diez, David"]
[Result "0-1"]
[WhiteElo "2068"]
[BlackElo "2310"]
[PlyCount "80"]
[EventDate "2024.03.12"]
[EventType "swiss (blitz)"]
[EventRounds "11"]
[EventCountry "USA"]
[SourceTitle "CB12_2024"]
[SourceDate "2023.10.01"]
[SourceVersion "1"]
[SourceVersionDate "2023.10.01"]
[SourceQuality "1"]

1. e4 c5 2. Nf3 e6 3. d4 cxd4 4. Nxd4 Nc6 5. Be3 Nf6 6. Bd3 d5 7. Bb5 Bd7 8. Bxc6 bxc6 9. e5 Ne4 10. 0-0 Be7 11. f3 Nc5 12. Nd2 0-0 13. f4 Na4 14. Rb1 Rb8 15. N4b3 c5 16. c4 dxc4 17. Nxc4 Bb5 18. Qe2 Nb6 19. Nbd2 Qc8 20. Rfc1 Qa6 21. b3 Nd5 22. Ne4 Rfc8 23. Bd2 Nb4 24. Bxb4 cxb4 25. Qg4 Bxc4 26. bxc4 Rxc4 27. Nf6+ Kh8 28. Nh5 Bf8 29. Rd1 Qxa2 30. h4 b3 31. Ra1 Qxa1 32. Rxa1 b2 33. Qd1 bxa1Q 34. Qxa1 Rc7 35. Kh2 Rcb7 36. Qa4 Ra8 37. Qa6 Rab8 38. Kg3 Be7 39. Kg4 g6 40. Ng3 h5+ 0-1

[Event "Titled Tuesday intern op 27th Feb Late"]
[Site "Chess.com INT"]
[Date "2024.02.27"]
[Round "8"]
[White "Blanco Diez, David"]
[Black "Zavgorodniy, Sergiy"]
[Result "1/2-1/2"]
[WhiteElo "2308"]
[BlackElo "2401"]
[PlyCount "136"]
[EventDate "2024.02.27"]
[EventType "swiss (blitz)"]
[EventRounds "11"]
[EventCountry "USA"]
[SourceTitle "CB10_2024"]
[SourceDate "2024.03.06"]
[SourceVersion "1"]
[SourceVersionDate "2024.03.06"]
[SourceQuality "1"]

1. d4 d5 2. Nc3 Nf6 3. Bg5 Nbd7 4. Nf3 e6 5. e4 dxe4 6. Nxe4 b6 7. Bb5 Bb7 8. Ne5 Bxe4 9. Bxd7+ Ke7 10. Bc6 h6 11. Bxe4 Qd6 12. Bxf6+ gxf6 13. Bxa8 fxe5 14. dxe5 Qxe5+ 15. Qe2 Qxb2 16. 0-0 Bg7 17. Rad1 Rxa8 18. Qd3 Qxa2 19. Qd7+ Kf8 20. Qxc7 Kg8 21. Rd7 Rf8 22. Qxa7 Qxc2 23. Qxb6 Qc4 24. Qc7 Qg4 25. Rd8 Qf5 26. Rxf8+ Bxf8 27. Qg3+ Kh7 28. h3 h5 29. Rd1 Be7 30. Qd3 Qxd3 31. Rxd3 Kg6 32. g3 h4 33. g4 f5 34. Kg2 fxg4 35. hxg4 Kg5 36. Kh3 Bc5 37. Rd2 e5 38. f3 Bd4 39. Ra2 Kf4 40. Ra3 Kg5 41. Rb3 Bf2 42. Rb8 Kg6 43. Rf8 Bg3 44. Rf5 Kh6 45. Rh5+ Kg6 46. Kg2 Bf4 47. Kf1 Bg3 48. Ke2 Kf6 49. Kd3 Kg6 50. Ke4 Kf6 51. Kd5 Kg7 52. Ke6 Kg6 53. Kd5 Kf7 54. Ke4 Kg6 55. Kd3 Kf6 56. Ke2 Kg6 57. Kf1 Kf6 58. Kg2 Kg6 59. Kh3 Kf6 60. Rxh4 Bxh4 61. Kxh4 Kg6 62. Kh3 Kf6 63. Kg3 Kg5 64. Kf2 e4 65. fxe4 Kf4 66. Kg2 Kxg4 67. Kf2 Kf4 68. Ke2 Kxe4 1/2-1/2

[Event "Titled Tuesday intern op 13th Feb Early"]
[Site "Chess.com INT"]
[Date "2024.02.13"]
[Round "11"]
[White "Blanco Diez, David"]
[Black "Schut, Han"]
[Result "1-0"]
[WhiteElo "2308"]
[BlackElo "2091"]
[PlyCount "69"]
[EventDate "2024.02.13"]
[EventType "swiss (blitz)"]
[EventRounds "11"]
[EventCountry "USA"]
[SourceTitle "CB08_2024"]
[SourceDate "2024.02.21"]
[SourceVersion "1"]
[SourceVersionDate "2024.02.21"]
[SourceQuality "1"]

1. Nf3 Nf6 2. b3 g6 3. Bb2 Bg7 4. g3 0-0 5. Bg2 d5 6. 0-0 c5 7. d3 Nc6 8. Nbd2 h6 9. e4 Be6 10. Re1 Qd7 11. e5 Ne8 12. c4 Nc7 13. Qe2 Rad8 14. Rad1 Nb4 15. a3 Nc2 16. Rf1 dxc4 17. dxc4 b5 18. Ne4 Nd4 19. Nxd4 cxd4 20. Nc5 Qc8 21. cxb5 Bd5 22. Bxd4 Bxg2 23. Kxg2 Ne6 24. Nxe6 Qxe6 25. Bxa7 Qxb3 26. Bc5 Rxd1 27. Rxd1 Bxe5 28. Rd7 Bf6 29. Qd3 Qxd3 30. Rxd3 Rc8 31. Be3 e5 32. b6 e4 33. b7 Rb8 34. Rb3 Be5 35. Ba7 1-0

[Event "Titled Tuesday intern op 13th Feb Late"]
[Site "Chess.com INT"]
[Date "2024.02.13"]
[Round "4"]
[White "Palencia Morales, Wilson Guillermo"]
[Black "Blanco Diez, David"]
[Result "1-0"]
[WhiteElo "2180"]
[BlackElo "2308"]
[PlyCount "169"]
[EventDate "2024.02.13"]
[EventType "swiss (blitz)"]
[EventRounds "11"]
[EventCountry "USA"]
[SourceTitle "CB08_2024"]
[SourceDate "2024.02.21"]
[SourceVersion "1"]
[SourceVersionDate "2024.02.21"]
[SourceQuality "1"]

1. d4 Nf6 2. c4 e6 3. Nf3 b6 4. g3 Bb7 5. Bg2 Bb4+ 6. Bd2 a5 7. 0-0 0-0 8. Bg5 Be7 9. Nc3 Ne4 10. Bxe7 Qxe7 11. Qc2 Nxc3 12. Qxc3 d6 13. Rfe1 f5 14. Nh4 Bxg2 15. Nxg2 Nd7 16. e4 fxe4 17. Rxe4 e5 18. Rae1 Qf6 19. f4 exd4 20. Qxd4 Qxd4+ 21. Rxd4 Rae8 22. Rde4 Kf7 23. Kf2 Nf6 24. Rxe8 Rxe8 25. Rxe8 Kxe8 26. Kf3 Kd7 27. Ne3 Kc6 28. g4 Kc5 29. g5 Ne8 30. Ke4 c6 31. Kd3 d5 32. cxd5 cxd5 33. Ng4 Nd6 34. h4 g6 35. Nf6 Nf5 36. h5 gxh5 37. Nxh5 Nd4 38. Nf6 Ne6 39. Ke3 d4+ 40. Kf3 d3 41. Nxh7 Nxf4 42. Ke3 Kc4 43. Nf6 Ng2+ 44. Kd2 Nh4 45. Ng4 Ng6 46. Nf2 Nf4 47. Ke3 Nd5+ 48. Ke4 d2 49. g6 Nf6+ 50. Ke3 Nh5 51. Kxd2 Kd4 52. Ng4 Ke4 53. Kc3 Kf5 54. Ne3+ Kxg6 55. Kc4 Nf4 56. Nd5 Ne2 57. Nxb6 Nc1 58. a3 Kf5 59. Kc3 Ke5 60. Nc4+ Kd5 61. Nxa5 Kc5 62. Nb3+ Kb6 63. Nxc1 Kb7 64. b4 Ka7 65. a4 Kb7 66. a5 Ka7 67. b5 Kb7 68. Kb4 Ka7 69. Kc5 Kb7 70. Nb3 Ka7 71. Nd2 Kb7 72. Nc4 Ka7 73. Ne5 Kb7 74. Nc6 Kc7 75. a6 Kc8 76. b6 Kd7 77. a7 Ke6 78. a8Q Kd7 79. Qb7+ Ke6 80. Qe7+ Kf5 81. b7 Kf4 82. b8R Kf3 83. Rf8+ Kg4 84. Qg7+ Kh3 85. Rh8# 1-0

[Event "Titled Tuesday intern op 23rd Jan Late"]
[Site "Chess.com INT"]
[Date "2024.01.23"]
[Round "5"]
[White "Blanco Diez, David"]
[Black "Gubajdullin, Alexey"]
[Result "0-1"]
[WhiteElo "2305"]
[BlackElo "2253"]
[PlyCount "88"]
[EventDate "2024.01.23"]
[EventType "swiss (blitz)"]
[EventRounds "11"]
[EventCountry "USA"]
[SourceTitle "CB05_2024"]
[SourceDate "2024.01.31"]
[SourceVersion "1"]
[SourceVersionDate "2024.01.31"]
[SourceQuality "1"]

1. e4 e5 2. Nf3 Nf6 3. Nxe5 d6 4. Nf3 Nxe4 5. Nc3 Nxc3 6. dxc3 Nc6 7. Be3 Be7 8. Bd3 Be6 9. h4 Qd7 10. c4 0-0-0 11. Qd2 b6 12. 0-0-0 Bf5 13. Bxf5 Qxf5 14. Qd5 Qxd5 15. cxd5 Ne5 16. Nd4 Ng4 17. Nc6 Rde8 18. Nxa7+ Kb7 19. Nc6 Nxe3 20. fxe3 Bf6 21. Rde1 Re4 22. c3 Bxh4 23. Ref1 f6 24. Nd4 Bg5 25. Ne6 Bxe3+ 26. Kc2 Bh6 27. Kd3 Re3+ 28. Kc4 Re2 29. g4 Rxb2 30. g5 fxg5 31. Rf7 Rc8 32. Nxg7 Bxg7 33. Rxg7 Rxa2 34. Rhxh7 g4 35. Kd4 Ra4+ 36. c4 b5 37. Kc3 Rxc4+ 38. Kb3 Rf8 39. Rh4 Rf3+ 40. Kb2 g3 41. Rh3 Re4 42. Kc2 Re2+ 43. Kd1 Ra2 44. Re7 Rf1+ 0-1

[Event "Titled Tuesday intern op 23rd Jan Late"]
[Site "Chess.com INT"]
[Date "2024.01.23"]
[Round "9"]
[White "Kostiukov, Alexandr"]
[Black "Blanco Diez, David"]
[Result "1-0"]
[WhiteElo "2271"]
[BlackElo "2305"]
[PlyCount "91"]
[EventDate "2024.01.23"]
[EventType "swiss (blitz)"]
[EventRounds "11"]
[EventCountry "USA"]
[SourceTitle "CB05_2024"]
[SourceDate "2024.01.31"]
[SourceVersion "1"]
[SourceVersionDate "2024.01.31"]
[SourceQuality "1"]

1. g3 g6 2. Bg2 Bg7 3. c4 d6 4. d4 Nf6 5. Nc3 0-0 6. Nf3 Nc6 7. 0-0 Bf5 8. d5 Nb8 9. Nd4 Bd7 10. e4 e5 11. dxe6 fxe6 12. Nc2 Nc6 13. h3 Ne5 14. b3 Bc6 15. Re1 b6 16. Nd4 Bb7 17. Nxe6 Qe7 18. Nxf8 Rxf8 19. Nd5 Bxd5 20. exd5 Qf7 21. f4 Ned7 22. Bb2 a5 23. Kh2 Nc5 24. Qc2 Bh6 25. a3 Ncd7 26. Re6 Nh5 27. Rf1 Nxg3 28. Kxg3 Bxf4+ 29. Kf3 Nc5 30. Ke2 Nxe6 31. dxe6 Qxe6+ 32. Kd1 Be5 33. Bd5 Qxd5+ 34. cxd5 Rxf1+ 35. Ke2 Rf4 36. Bxe5 dxe5 37. Qxc7 Re4+ 38. Kf3 Rf4+ 39. Kg3 Rf5 40. Qe7 Rf7 41. Qxe5 Kf8 42. d6 Rf5 43. Qh8+ Kf7 44. Qxh7+ Ke6 45. Qe7+ Kd5 46. d7 1-0

[Event "Titled Tuesday intern op 26th Sep Late"]
[Site "Chess.com INT"]
[Date "2023.09.26"]
[Round "2"]
[White "Blanco Diez, David"]
[Black "Rozman, Levy"]
[Result "0-1"]
[WhiteElo "2298"]
[BlackElo "2322"]
[PlyCount "115"]
[EventDate "2023.09.26"]
[EventType "swiss (blitz)"]
[EventRounds "11"]
[EventCountry "USA"]
[SourceTitle "EXT 2024"]
[Source "ChessBase"]
[SourceDate "2023.10.10"]
[SourceVersion "1"]
[SourceVersionDate "2023.10.10"]
[SourceQuality "1"]

1. Nf3 b6 2. b3 Bb7 3. Bb2 e6 4. g3 f5 5. Bg2 Nf6 6. 0-0 g6 7. c4 Bg7 8. d3 0-0 9. Nc3 d6 10. Qc2 Qe7 11. d4 Na6 12. a3 Rab8 13. Rfe1 Ne4 14. Nd2 Nxd2 15. Qxd2 Bxg2 16. Kxg2 c5 17. d5 e5 18. e4 f4 19. f3 h5 20. Ne2 Bh6 21. Qd3 Rf7 22. Bc1 Rbf8 23. gxf4 Qh4 24. Be3 exf4 25. Bf2 Qg5+ 26. Kh1 Bg7 27. Rg1 Qh6 28. Rab1 g5 29. Rg2 Kh8 30. Rbg1 Bf6 31. Be1 Rg8 32. Bc3 Rfg7 33. Bxf6 Qxf6 34. Qc3 Qxc3 35. Nxc3 Nc7 36. h3 Kh7 37. Kh2 Ne8 38. Nb5 a6 39. Nc3 Nf6 40. Rf2 Nd7 41. Rgf1 Ne5 42. Nb1 b5 43. Nd2 Rb7 44. Rg1 Kh6 45. Rfg2 bxc4 46. bxc4 Rb2 47. Rf2 Rxd2 48. Rfg2 Nxf3+ 49. Kh1 Rxg2 50. Rxg2 Rb8 51. Rf2 g4 52. hxg4 hxg4 53. Ra2 Kg6 54. Kg2 Kf6 55. a4 Ke5 56. a5 Kxe4 57. Re2+ Kd4 58. Re8 0-1

[Event "Titled Tuesday intern op 26th Sep Late"]
[Site "Chess.com INT"]
[Date "2023.09.26"]
[Round "9"]
[White "Novikova, Galina"]
[Black "Blanco Diez, David"]
[Result "0-1"]
[WhiteElo "2073"]
[BlackElo "2298"]
[PlyCount "104"]
[EventDate "2023.09.26"]
[EventType "swiss (blitz)"]
[EventRounds "11"]
[EventCountry "USA"]
[SourceTitle "EXT 2024"]
[Source "ChessBase"]
[SourceDate "2023.10.10"]
[SourceVersion "1"]
[SourceVersionDate "2023.10.10"]
[SourceQuality "1"]

1. e4 c5 2. Nf3 e6 3. b4 cxb4 4. a3 d5 5. e5 Nc6 6. axb4 Nxb4 7. c3 Nc6 8. d4 Bd7 9. Bd3 h6 10. 0-0 a6 11. Nfd2 b5 12. f4 Nge7 13. Nf3 Na5 14. Ba3 Nc4 15. Bc5 Ne3 16. Qe2 Nxf1 17. Qxf1 Nf5 18. Bxf8 Kxf8 19. Qf2 h5 20. Nbd2 h4 21. Nb3 a5 22. Nc5 Bc6 23. Ng5 Qe7 24. Qe2 g6 25. Bxb5 Bxb5 26. Qxb5 Kg7 27. h3 Rhb8 28. Qc6 Qe8 29. Qc7 Kg8 30. Nd7 Qe7 31. Nf6+ Kg7 32. Qc6 Rc8 33. Qa4 Ne3 34. Rc1 Rc4 35. Qa2 a4 36. Qd2 Nf5 37. Qe2 a3 38. Nfe4 a2 39. Ra1 Rca4 40. Nc5 Ra3 41. Qb2 Kg8 42. Kh2 R3a7 43. c4 Qc7 44. cxd5 exd5 45. e6 Qxf4+ 46. Kh1 Qxg5 47. exf7+ Rxf7 48. Rxa2 Rxa2 49. Qxa2 Qc1+ 50. Kh2 Ng3 51. Qa8+ Kh7 52. Qa1 Qxa1 0-1

[Event "Titled Tuesday intern op 26th Sep Late"]
[Site "Chess.com INT"]
[Date "2023.09.26"]
[Round "1"]
[White "Sivakumar, Shaaketh"]
[Black "Blanco Diez, David"]
[Result "0-1"]
[WhiteElo "2355"]
[BlackElo "2298"]
[PlyCount "84"]
[EventDate "2023.09.26"]
[EventType "swiss (blitz)"]
[EventRounds "11"]
[EventCountry "USA"]
[SourceTitle "EXT 2024"]
[Source "ChessBase"]
[SourceDate "2023.10.10"]
[SourceVersion "1"]
[SourceVersionDate "2023.10.10"]
[SourceQuality "1"]

1. d4 Nf6 2. Bf4 e6 3. e3 h6 4. h3 d5 5. Nf3 Bd6 6. Nbd2 c5 7. c3 Nc6 8. Bd3 0-0 9. dxc5 Bxc5 10. Qe2 Re8 11. e4 e5 12. Bg3 d4 13. 0-0 dxc3 14. bxc3 Nh5 15. Bh2 Qf6 16. Nc4 Nf4 17. Bxf4 Qxf4 18. Ne3 Bxe3 19. fxe3 Qg3 20. Nd2 Be6 21. Bc4 Rad8 22. Bxe6 Rxe6 23. Rab1 b6 24. Rf3 Qg6 25. Rbf1 f6 26. Qc4 Qf7 27. Nb3 Red6 28. Qe2 a5 29. Rg3 a4 30. Nc1 Rd2 31. Qg4 Na5 32. Qh4 Kh7 33. Rf5 Rd1+ 34. Kh2 Rxc1 35. Qg4 Rdd1 36. Rgf3 Rh1+ 37. Kg3 Nc4 38. h4 Nd2 39. Rf2 Nf1+ 40. Kf3 Re1 41. Qh5 Rxe3+ 42. Kg4 Rg3# 0-1

[Event "Titled Tuesday intern op 12th Sep Late"]
[Site "Chess.com INT"]
[Date "2023.09.12"]
[Round "3"]
[White "Blanco Diez, David"]
[Black "De Souza, Arthur Olintho"]
[Result "1-0"]
[WhiteElo "2298"]
[BlackElo "2113"]
[PlyCount "75"]
[EventDate "2023.09.12"]
[EventType "swiss (blitz)"]
[EventRounds "11"]
[EventCountry "USA"]
[SourceTitle "EXT 2024"]
[Source "ChessBase"]
[SourceDate "2023.10.10"]
[SourceVersion "1"]
[SourceVersionDate "2023.10.10"]
[SourceQuality "1"]

1. Nf3 d5 2. b3 Nf6 3. Bb2 g6 4. c4 dxc4 5. bxc4 Bg7 6. g3 0-0 7. Bg2 Nc6 8. 0-0 Rb8 9. d4 Bf5 10. e3 Nb4 11. Nh4 Bc2 12. Qd2 a5 13. a3 Bxb1 14. axb4 Be4 15. Rxa5 Bxg2 16. Nxg2 Qd6 17. b5 c5 18. Ba3 b6 19. Ra6 Qd7 20. Rd1 Ne4 21. Qc2 Qf5 22. Nh4 Qe6 23. d5 Qe5 24. f4 Qc3 25. Qxe4 Ra8 26. Qd3 Qf6 27. Rb1 Rxa6 28. bxa6 Ra8 29. Bb2 Qd6 30. Bxg7 Kxg7 31. Ra1 e6 32. Nf3 exd5 33. Qxd5 Qf6 34. Ne5 Rd8 35. a7 Rxd5 36. cxd5 Qf5 37. a8Q Qe4 38. Re1 1-0

[Event "Titled Tuesday intern op 12th Sep Early"]
[Site "Chess.com INT"]
[Date "2023.09.12"]
[Round "11"]
[White "Blanco Diez, David"]
[Black "Valle Luis, Leo"]
[Result "0-1"]
[WhiteElo "2298"]
[BlackElo "2214"]
[PlyCount "122"]
[EventDate "2023.09.12"]
[EventType "swiss (blitz)"]
[EventRounds "11"]
[EventCountry "USA"]
[SourceTitle "EXT 2024"]
[Source "ChessBase"]
[SourceDate "2023.10.10"]
[SourceVersion "1"]
[SourceVersionDate "2023.10.10"]
[SourceQuality "1"]

1. Nf3 Nf6 2. b3 g6 3. Bb2 Bg7 4. g3 0-0 5. Bg2 d6 6. 0-0 e5 7. d3 Re8 8. c4 Nc6 9. Nc3 Rb8 10. a3 a6 11. b4 Bd7 12. e4 Rf8 13. Nd5 Nxd5 14. cxd5 Ne7 15. d4 f6 16. Rc1 Bg4 17. Qc2 Rc8 18. a4 Kh8 19. b5 Bxf3 20. Bxf3 f5 21. dxe5 dxe5 22. bxa6 bxa6 23. Ba3 Qd7 24. Qc5 Rfe8 25. a5 fxe4 26. Bxe4 Qg4 27. f3 Qg5 28. Bd3 Rcd8 29. Bxa6 Rxd5 30. Qxc7 Qe3+ 31. Kh1 Qxa3 32. Bb7 Qxa5 33. Bxd5 Qxc7 34. Rxc7 Nxd5 35. Rb7 Nf6 36. Rc1 Kg8 37. Rcc7 Bf8 38. Kg2 e4 39. fxe4 Rxe4 40. Rf7 Re6 41. h3 h6 42. g4 Re2+ 43. Kf1 Re6 44. Kg2 Nd5 45. Rf3 Bg7 46. Rb8+ Kh7 47. Rb7 Nf6 48. Rc3 Nd5 49. Ra3 Kg8 50. Ra8+ Bf8 51. Rbb8 Rf6 52. Rd8 Nf4+ 53. Kg3 g5 54. Re8 Ng6 55. Kg2 Kg7 56. Kg3 Bd6+ 57. Kg2 Nh4+ 58. Kg1 Bc5+ 59. Kh2 Rf2+ 60. Kh1 Rf1+ 61. Kh2 Bd6+ 0-1